| 000 | 00453nam a2200181Ia 4500 | ||
|---|---|---|---|
| 001 | 33415 | ||
| 008 | 140417s9999 xx 000 0 und d | ||
| 020 | _a8131709094 | ||
| 040 | _cPK-LaUMT | ||
| 082 |
_a 954.0355 _bCOP-I |
||
| 100 | _aCopland, Ian | ||
| 245 |
_aIndia 1885-1947 _bthe unmaking of an empire _cCopland, Ian |
||
| 260 |
_aNew Delhi,India: _bPearson, _c2007 |
||
| 300 | _a138 p. | ||
| 546 | _aEN | ||
| 650 | _aHistory-India | ||
| 942 | _cBK | ||
| 999 |
_c33014 _d33014 |
||